00270nam a2200121Ia 4500008004100000100000900041245003100050260002600081300000700107650001000114942000700124999001700131190216s9999||||xx |||||||||||||| ||und|| aNull 0aHindi-Meera Bahan Aur Bath bPoorna Pubs Kozhikode a32 aHindi cBK c15928d15928